00449nam a2200145 450000500170000000800410001702000220005804000550008008000200013510000230015524500430017826000510022130000170027265000140028920251014125756.0251014b |||||||| |||| 00| 0 eng d a978-0-691-05776-7 aNational Science LibrarycNational Science Library aR 929:621.3bQ3 aCarlson, W Bernard aTesla:bInventor of the electrical age aNew Jersey:bPrinceton University Press,c2013 axiii, 500p.  aBiography